000
00195 a2200097 4500
001
6940
100
_a
Ali, G S
245
_a
Nahajul Bullaghut
260
_a
_b
Sh. G. Ali
_c
090
_c
5731
_d
5731
942
_a
NUST-CAE
_c
M
_c
32191
999
_c
242013
_d
242013